Accessing planning system online (Record no. 69036)

MARC details
000 -LEADER
fixed length control field 00959cam a2200217 4500
001 - CONTROL NUMBER
control field WB3746-23
008 - FIXED-LENGTH DATA ELEMENTS--GENERAL INFORMATION
fixed length control field 011205n2001 000 0 eng u
035 ## - SYSTEM CONTROL NUMBER
System control number (Sirsi) u115881
245 ## - TITLE STATEMENT
Title Accessing planning system online
260 ## - PUBLICATION, DISTRIBUTION, ETC.
Date of publication, distribution, etc. 2001
490 ## - SERIES STATEMENT
Series statement DTLR News Release
Volume/sequential designation (515) 29 November 2001, (2)
520 ## - SUMMARY, ETC.
Summary, etc. Web based planning service, Planning Portal Programme is being developed that will allow customers of the planning system to submit, track and view their appeals over the internet. Contracts arranged with IBM and Unisys/Fabasoft. For full details of the Planning Portal Programme go to http://www.planningportalprogramme.gov.uk/
590 ## - LOCAL NOTE (RLIN)
Local note WB
650 ## - SUBJECT ADDED ENTRY--TOPICAL TERM
Topical term or geographic name entry element ONLINE PLANNING SYSTEM
650 ## - SUBJECT ADDED ENTRY--TOPICAL TERM
Topical term or geographic name entry element PLANNING PORTAL PROGRAMME
650 ## - SUBJECT ADDED ENTRY--TOPICAL TERM
Topical term or geographic name entry element PLANNING INSPECTORATE
650 ## - SUBJECT ADDED ENTRY--TOPICAL TERM
Topical term or geographic name entry element PLANNING ADVISORY SERVICE
650 ## - SUBJECT ADDED ENTRY--TOPICAL TERM
Topical term or geographic name entry element CAPITAL MODERNISATION FUNDS
690 ## - LOCAL SUBJECT ADDED ENTRY--TOPICAL TERM (OCLC, RLIN)
Topical term or geographic name as entry element ENVIRONMENTAL AND LAND CONSULTANCY-PLANNING AND DEVELOPMENT
942 ## - ADDED ENTRY ELEMENTS (KOHA)
Suppress in OPAC 0
Holdings
Withdrawn status Lost status Source of classification or shelving scheme Damaged status Not for loan Home library Current library Shelving location Date acquired Total Checkouts Full call number Barcode Date last seen Copy number Price effective from Koha item type
    Dewey Decimal Classification     London London News article 05/12/2001   WB3746-23 115881-1001 06/08/2019 1 06/08/2019 News article